|
|
|
|
| LEADER |
00000naa a2200000uu 4500 |
| 001 |
vtls010959506 |
| 003 |
SK-MaSNL |
| 005 |
20260302120732.0 |
| 008 |
210905|1997 xo |||||||||||||||||slo| |
| 015 |
|
|
|a SNBRA
|
| 035 |
|
|
|a (urnnbn)urn:nbn:sk:snk:ar-a0bqle
|
| 035 |
|
|
|a (uuid)d804613f-8985-4dd1-a207-ff4dcaae2378
|
| 035 |
|
|
|a urn:nbn:sk:snk-aauiae
|
| 040 |
|
|
|a SNKBUCL
|b slo
|c SNKBUCL
|e AACR2
|
| 041 |
0 |
|
|a slo
|
| 044 |
|
|
|a xo
|c SK
|
| 100 |
1 |
|
|a Brezina, Ivan,
|d 1963-
|4 aut
|9 133633
|
| 245 |
1 |
0 |
|a Využitie programového systému PROMCALC na viacrozmerné štatistické porovnávanie vývoja krajín CEFTA podľa maastrichtských konvergenčných kritérií
|c Ivan Brezina, Marianna Vavrová
|
| 700 |
1 |
|
|a Vavrová, Marianna
|4 aut
|9 801776
|
| 773 |
0 |
|
|t Výpočtová štatistika
|d Bratislava : Slovenská štatistická a demografická spoločnosť ; Bratislava : Štatistický úrad Slovenskej republiky ; Bratislava : Infostat, 1997
|g S. 87-91
|z 8096765868
|
| 958 |
|
|
|a OND
|
| 958 |
|
|
|a article11
|
| 958 |
|
|
|a chapter
|
| 999 |
|
|
|c 1270913
|d 1272843
|